Detalles MARC
| 000 -CABECERA |
| campo de control de longitud fija |
01620nam a2200253 i 4500 |
| 001 - NÚMERO DE CONTROL |
| campo de control |
18341 |
| 003 - IDENTIFICADOR DEL NÚMERO DE CONTROL |
| campo de control |
DO-SdUEMH |
| 005 - FECHA Y HORA DE LA ÚLTIMA TRANSACCIÓN |
| campo de control |
20260114205427.0 |
| 007 - CAMPO FIJO DE DESCRIPCIÓN FÍSICA--INFORMACIÓN GENERAL |
| campo de control de longitud fija |
ta |
| 008 - DATOS DE LONGITUD FIJA--INFORMACIÓN GENERAL |
| campo de control de longitud fija |
260114s2005 dr a|||g |||| 00| 0 spa d |
| 040 ## - FUENTE DE LA CATALOGACIÓN |
| Centro catalogador/agencia de origen |
DO-SdUEMH |
| Lengua de catalogación |
spa |
| Normas de descripción |
rda |
| 041 ## - CÓDIGO DE LENGUA |
| Código de lengua del texto/banda sonora o título independiente |
spa |
| 082 14 - NÚMERO DE LA CLASIFICACIÓN DECIMAL DEWEY |
| Colección |
Colección Dominicana |
| Número de documento/Ítem |
A696 |
| 100 #1 - ENTRADA PRINCIPAL--NOMBRE DE PERSONA |
| Término indicativo de función/relación |
autor |
| 245 ## - MENCIÓN DE TÍTULO |
| Título |
Derecho Internacional Público Contemporáneo / |
| Mención de responsabilidad, etc. |
Luis Arias Núñez |
| 264 #1 - PRODUCCIÓN, PUBLICACIÓN, DISTRIBUCIÓN, FABRICACIÓN Y COPYRIGHT |
| Lugar de producción, publicación, distribución, fabricación |
Santo Domingo, República Dominicana : |
| Nombre del de productor, editor, distribuidor, fabricante |
Centenario, S. A. |
| Fecha de producción, publicación, distribución, fabricación o copyright |
2005 |
| 264 #4 - PRODUCCIÓN, PUBLICACIÓN, DISTRIBUCIÓN, FABRICACIÓN Y COPYRIGHT |
| Fecha de producción, publicación, distribución, fabricación o copyright |
©2005 |
| 300 ## - DESCRIPCIÓN FÍSICA |
| Extensión |
vii, 869 páginas : |
| Dimensiones |
24 cm. |
| 336 ## - TIPO DE CONTENIDO |
| Fuente |
rdacontent |
| Término de tipo de contenido |
texto |
| Código de tipo de contenido |
txt |
| 337 ## - TIPO DE MEDIO |
| Fuente |
rdamedia |
| Nombre del tipo de medio |
sin mediación |
| Código del tipo de medio |
n |
| 338 ## - TIPO DE SOPORTE |
| Fuente |
rdacarrier |
| Nombre del tipo de soporte |
volumen |
| Código del tipo de soporte |
nc |
| 505 #2 - NOTA DE CONTENIDO CON FORMATO |
| Nota de contenido con formato |
Capítulo I: Conceptos Fundamentales del Derecho Internacional Público -- Capítulo II: Los Períodos Históricos del Derecho Internacional Público -- Capítulo III: Los Principios Básicos del Derecho Internacional Contemporáneo -- Capítulo IV: Derecho Internacional y Derecho Interno -- Capítulo V: Los Sujetos de DIP -- Capítulo VI: El Reconocimiento Jurídico-Internacional -- Capítulo VII: Las Fuentes del DIP -- Capítulo VIII: Derecho de los Tratados -- Capítulo IX: Sucesión de Estados -- Capítulo X: Las Organizaciones Internacionales -- Capítulo XI: El Territorio del Estado -- Capítulo XII: La Población y el Derecho Internacional -- Capítulo XIII: La Protección Internacional de los Derechos Humanos -- Capítulo XIV: La Extradición -- Capítulo XV: Derecho Diplomático y Consular -- Capítulo XVI: Arreglo Pacífico de los Diferendos Internacionales -- Capítulo XVII: Responsabilidad Internacional. |
| 942 ## - ELEMENTOS DE PUNTO DE ACCESO ADICIONAL (KOHA) |
| Fuente del sistema de clasificación o colocación |
Dewey Decimal Classification |
| Tipo de ítem Koha |
Libro |
| Suprimir en OPAC |
No |